01056nam a22002297a 4500001000700000003000800007005001700015008004100032035002000073040003500093041000800128082002600136100002300162245025800185260008000443300003600523502008600559504003300645650005500678700004000733700005300773 80984BD-RjUL20221218180329.0221218s2012 bg a|||| m||| 00| 0 eng d a(BD-RjUL) 80984 aBD-RjULbengcBD-RjULdBD-RjUL aeng 223a668.651bHAS 2012 aHasan, Md. Mahabub10aSynergism of some insecticides by piperonyl butoxide (PBO) and mcpa (4-Chloro-2-Methylphenoxy acetic ACID) against rhizopertha dominica (F.) /cBy Md. Mahabub Hasan ;6Supervisor : A.S.M. Shafiqur Rahman, Co-Supervisor : K.A.M. Shahadat Hossian, Mondal, aRajshahi :bInstitute of Biological Sciences, University of Rajshahi,c2012 av, 149 leaves :bill, ;c29.cm. aThesis (Ph. D.) -- Institute of Biological Sciences, University of Rajshahi, 2012 aReferences : Leaves 97 - 119 aInsecticidesvTechnology of other organic products aRahman, A.S.M. Shafiqur, Supervisor aMondal, K.A.M. Shahadat Hossian, Co-Supervisor